Score 0/25 Timer 05:00
17 Plays Today
Hint Answer % Correct
MichelleObama
98.6%
Hanks
97.4%
ThomasCruise
97%
Gates
88.1%
KellyClarkson
87.9%
WilliamFerrell
87.7%
Martin
80.9%
Irwin
80.4%
Shatner
80.3%
StephenColbert
79.8%
Osbourne
75%
King
72.3%
Harvey
71.3%
Hint Answer % Correct
Brady
68.1%
Pfeiffer
66.3%
Ripa
64.3%
Macy
62.5%
Williams
62.3%
Hiddleston
60.4%
Rodriguez
56.2%
Rowland
52.9%
Arnett
49.5%
Holland
41.8%
Trachtenberg
30.6%
Macdonald
14.2%
Come Together.
Have Fun.
All Virtual.
We all need to come together. Play Sporcle's virtual live trivia to have fun, connect with people, and get your trivia on. Join a live hosted trivia game for your favorite pub trivia experience done virtually. If a virtual private party is more your thing, go here for details.

You're not logged in!

Compare scores with friends on all Sporcle quizzes.
OR
Log In

Sporcle TV

Today on Sporcle TV


Watch our educational content, quiz creation guides, and fun videos on Sporcle TV.

Show Comments

Extras

Top Quizzes Today


Score Distribution

Paid Content

Your Account Isn't Verified!

In order to create a playlist on Sporcle, you need to verify the email address you used during registration. Go to your Sporcle Settings to finish the process.

Report this User

Report this user for behavior that violates our Community Guidelines.

Details: